Suurin E:llä alkava kaupunki - Statistics

Yleistilastot
  • Tätä visaa on pelattu 178 kertaa
  • Keskiarvotulos 5 / 12
Vastaustilastot
Maa E-kaupunki % Oikein
Suomi Espoo
97%
Yhdistynyt kuningaskunta Edinburgh
70%
Kanada Edmonton
68%
Saksa Essen
62%
Ruotsi Eskilstuna
55%
Yhdysvallat El Paso
50%
Tanska Esbjerg
38%
Alankomaat Eindhoven
37%
Iran Esfahan
24%
Irak Erbil
19%
Meksiko Ecatepec
13%
Italia Ercolano
12%
Ehtoja vastaavia visoja ei löytynyt
Tulosjakauma
Jokaisen tuloksen saaneiden osuus
Persentiili vastausten määrän mukaan
Tuloshistoriasi
Et ole pelannut tätä visaa